000 01329nab a2200241 i 4500
001 768714001
003 CO-MdFUSB
005 20240627100317.0
008 240627t1997 us ||||| |||| 00| 0 eng d
040 _bspa
_cCO-MdFUSB
_dCO-MdFUSB
041 _aeng
100 _aSpindler, Marc,
_eautor
245 1 _aConversion revisited :
_bpresent understanding of a classic missionary motive
_c/ Marc R. Spindler
520 _aSi bien los estudiosos de la misión se han vuelto reacios a abordar el problema de la conversión al cristianismo, los historiadores y antropólogos culturales dedican cada vez más estudios de casos y teorías generales a este tema. Destacan las dimensiones sociales de la conversión, interpretada básicamente como un progreso hacia la modernidad. El presente artículo defiende un compromiso renovado con un enfoque misiológico genuino de la conversión cristiana en su realidad personal y eclesial.
546 _aTexto en inglés.
650 0 _aConversión
_9950
650 0 _aVida cristiana
_919
650 0 _aTeología práctica
_9180
650 7 _aAntropología cultural y social
_96714
773 0 _049486
_961111
_d Pasadena
_oR0903
_tMissiology:
_w(CO-MdFUSB)97
_gVolumen 25, (3, 1997) páginas: 293 - 305
_qpágina: 293
942 _cANA
945 _aCatherine Arias Álvarez - Practicante SENA
999 _c70394
_d70394